[Event "12th Asia-ch (women)"]
[Site "Tehran IRI"]
[Date "2007.09.05"]
[Round "3"]
[White "Ramaswamy, Aarthie"]
[Black "Wang Yu A."]
[Result "1/2-1/2"]
[WhiteElo "2281"]
[BlackElo "2384"]
[EventDate "2007.09.03"]
[PlyCount "79"]

1.e4 e5 2.Nf3 Nc6 3.Bb5 a6 4.Bxc6 dxc6 5.O-O Qd6 6.Na3 Be6 7.Qe2 f6 8.Rd1 
c5 9.c3 Bg4 10.h3 Bxf3 11.Qxf3 Ne7 12.d3 Qe6 13.Nc4 Rd8 14.Ne3 g6 15.b3 b6
16.Ba3 Bg7 17.Rac1 O-O 18.d4 exd4 19.cxd4 cxd4 20.Rxc7 dxe3 21.Rxe7 exf2+ 
22.Kxf2 Qc6 23.Rc1 Rd2+ 24.Kg1 Rc2 25.Rxc2 Qxc2 26.Rxg7+ Kxg7 27.Bxf8+ 
Kxf8 28.Qxf6+ Kg8 29.Qd8+ Kg7 30.Qd4+ Kh6 31.e5 Qxa2 32.Qe3+ Kg7 33.e6 
Qb1+ 34.Kh2 Kf8 35.Qg5 Qf5 36.Qd8+ Kg7 37.e7 Qe5+ 38.Kg1 Qe1+ 39.Kh2 Qe5+ 
40.Kg1 1/2-1/2

[Event "12th Asia-ch (women)"]
[Site "Tehran IRI"]
[Date "2007.09.05"]
[Round "3"]
[White "Gu Xiaobing"]
[Black "Paridar, Shadi"]
[Result "0-1"]
[WhiteElo "2351"]
[BlackElo "2225"]
[EventDate "2007.09.03"]
[PlyCount "72"]

1.e4 c5 2.Nf3 e6 3.c4 Nc6 4.Nc3 Nf6 5.Be2 d5 6.cxd5 exd5 7.exd5 Nxd5 8.Qa4
Be7 9.Ne5 Nb4 10.Nxc6 Nxc6 11.O-O O-O 12.Re1 Nd4 13.Qd1 Bd6 14.Nb5 Be5 15.
Nxd4 Bxd4 16.Bf3 Qf6 17.a4 Rb8 18.Qe2 Bd7 19.d3 Rfe8 20.Be4 c4 21.Be3 Bxb2
22.Rab1 c3 23.Bxa7 Ra8 24.Bc5 Bxa4 25.d4 Bc6 26.f3 b6 27.Bxc6 Qxc6 28.Be7 
Ba3 29.d5 Qxd5 30.Bxa3 Rxe2 31.Rxe2 h6 32.Bb4 Qd4+ 33.Kf1 c2 34.Rc1 Qxb4 
35.Rexc2 b5 36.Rc7 Qd2 0-1

[Event "12th Asia-ch (women)"]
[Site "Tehran IRI"]
[Date "2007.09.05"]
[Round "3"]
[White "Zhang Xiaowen"]
[Black "Swathi, Ghate"]
[Result "1/2-1/2"]
[WhiteElo "2203"]
[BlackElo "2317"]
[EventDate "2007.09.03"]
[PlyCount "57"]

1.e4 e5 2.Nf3 Nc6 3.Bb5 a6 4.Ba4 Nf6 5.O-O Be7 6.Re1 b5 7.Bb3 d6 8.c3 O-O 
9.h3 Nb8 10.d4 Nbd7 11.Nbd2 Bb7 12.Bc2 Re8 13.a4 Bf8 14.Bd3 c6 15.b3 Qc7 
16.Bb2 Rad8 17.Qc2 Qb8 18.c4 b4 19.c5 exd4 20.Bxd4 Ne5 21.Bf1 Nfd7 22.cxd6
Nxf3+ 23.Nxf3 c5 24.Ng5 cxd4 25.e5 g6 26.Qc4 Nxe5 27.Rxe5 Rd7 28.Ree1 Rxe1
29.Rxe1 1/2-1/2

[Event "12th Asia-ch (women)"]
[Site "Tehran IRI"]
[Date "2007.09.05"]
[Round "3"]
[White "Amrutha Mokal, Sunil"]
[Black "Ghaderpour, Shayesteh"]
[Result "1/2-1/2"]
[WhiteElo "2166"]
[BlackElo "2190"]
[EventDate "2007.09.03"]
[PlyCount "49"]

1.e4 c5 2.Nf3 e6 3.d4 cxd4 4.Nxd4 Nf6 5.Nc3 Nc6 6.Be2 Bb4 7.O-O Bxc3 8.
bxc3 Nxe4 9.Bd3 d5 10.Nxc6 bxc6 11.Bxe4 dxe4 12.Qg4 O-O 13.Qxe4 Qd5 14.Re1
Ba6 15.Bf4 Rfd8 16.g3 Rd7 17.h3 Rad8 18.Rab1 Re8 19.Rb4 f6 20.Be3 e5 21.
Ra4 Qb5 22.Rb4 Qd5 23.Ra4 Qb5 24.Rb4 Qd5 25.Ra4 1/2-1/2

[Event "12th Asia-ch (women)"]
[Site "Tehran IRI"]
[Date "2007.09.05"]
[Round "3"]
[White "Navabi, Shirin"]
[Black "Pham Bich Ngoc"]
[Result "1/2-1/2"]
[WhiteElo "2121"]
[BlackElo "2103"]
[EventDate "2007.09.03"]
[PlyCount "86"]

1.Nf3 c5 2.c4 Nc6 3.d4 cxd4 4.Nxd4 g6 5.e4 Bg7 6.Be3 Nf6 7.Nc3 O-O 8.Be2 
d6 9.O-O Bd7 10.Qd2 Nxd4 11.Bxd4 Bc6 12.f3 a5 13.b3 Nd7 14.Be3 Nc5 15.Rab1
Qb6 16.Rfe1 Rfc8 17.a3 Qd8 18.b4 axb4 19.axb4 Na4 20.Nxa4 Rxa4 21.Bd1 Ra3 
22.Qf2 Rca8 23.Bb6 Qe8 24.Bd4 Bh6 25.Re3 e5 26.Rxa3 Rxa3 27.Bb6 Qa8 28.b5 
Bd7 29.Bb3 Ra1 30.Qe1 Rxb1 31.Qxb1 Qa3 32.Bf2 Be6 33.Kf1 Bd2 34.Ke2 Bb4 
35.Qa2 Qxa2+ 36.Bxa2 g5 37.Bb3 g4 38.Kd3 Bc5 39.Bh4 h6 40.Be1 Kg7 41.Bd1 
g3 42.h3 h5 43.Bc2 Kg6 1/2-1/2

[Event "12th Asia-ch (women)"]
[Site "Tehran IRI"]
[Date "2007.09.05"]
[Round "3"]
[White "Hakimifard, Ghazal"]
[Black "Mouradian, Knarik"]
[Result "1/2-1/2"]
[WhiteElo "2018"]
[BlackElo "2164"]
[EventDate "2007.09.03"]
[PlyCount "99"]

1.e4 c5 2.Nf3 d6 3.d4 Nf6 4.Nc3 cxd4 5.Nxd4 a6 6.Be3 e5 7.Nb3 Be6 8.f3 
Nbd7 9.Qd2 Nb6 10.Qf2 Nc4 11.Bxc4 Bxc4 12.O-O-O Rc8 13.g4 Be7 14.h4 O-O 
15.h5 Nd7 16.Rhg1 b5 17.g5 f5 18.gxf6 Nxf6 19.Qh2 Qc7 20.Bh6 Rf7 21.Rd2 
Bf8 22.Kb1 Kh8 23.Bg5 a5 24.Nc1 b4 25.Nd1 Be6 26.Qh4 Be7 27.Qh2 a4 28.Re2 
a3 29.b3 Ng8 30.Reg2 Bxg5 31.Rxg5 Ne7 32.Qd2 Nc6 33.Ne2 Rg8 34.f4 Ne7 35.
fxe5 dxe5 36.Qxb4 Rc8 37.Ndc3 Nc6 38.Qxa3 Nd4 39.Rc1 Rf2 40.Qa6 h6 41.Rgg1
Nxe2 42.Nxe2 Bc4 43.Qxc4 Qxc4 44.bxc4 Rxe2 45.Rce1 Rh2 46.Rh1 Rg2 47.Rhg1 
Rh2 48.Rh1 Rg2 49.Rhg1 Rh2 50.Rh1 1/2-1/2

[Event "12th Asia-ch (women)"]
[Site "Tehran IRI"]
[Date "2007.09.05"]
[Round "3"]
[White "Salman, Mahini Mona"]
[Black "Hoang Thi Nhu Y"]
[Result "1-0"]
[WhiteElo "2106"]
[BlackElo "2018"]
[EventDate "2007.09.03"]
[PlyCount "71"]

1.e4 c6 2.d4 d5 3.exd5 cxd5 4.Bd3 Nc6 5.c3 g6 6.h3 Bg7 7.Nf3 Nf6 8.Bf4 O-O
9.O-O Re8 10.Re1 Nd7 11.Bb5 Qb6 12.Qb3 a6 13.Ba4 Qa5 14.Nbd2 Nf8 15.Ne5 
Bd7 16.Nxd7 Nxd7 17.Bxc6 bxc6 18.Qb7 Nf6 19.Rxe7 Rxe7 20.Qxa8+ Re8 21.Qxc6
Re6 22.Qb7 Qa4 23.Qb3 Qe8 24.Nf3 Qd8 25.Be5 Ne4 26.Bxg7 Kxg7 27.Qc2 a5 28.
Nd2 Nd6 29.Nb3 Qe7 30.Kf1 Nc4 31.Nc5 Rf6 32.Kg1 g5 33.b3 Nd6 34.Qd2 Rg6 
35.Re1 Qd8 36.Re5 1-0

[Event "12th Asia-ch (women)"]
[Site "Tehran IRI"]
[Date "2007.09.06"]
[Round "4"]
[White "Ruan Lufei"]
[Black "Tania, Sachdev"]
[Result "1-0"]
[WhiteElo "2433"]
[BlackElo "2393"]
[EventDate "2007.09.03"]
[PlyCount "83"]

1.e4 e5 2.Nf3 Nc6 3.d4 exd4 4.Nxd4 Bc5 5.Nxc6 Qf6 6.Qf3 Qxf3 7.gxf3 bxc6 
8.Be3 Bb6 9.c4 Bxe3 10.fxe3 d6 11.Rg1 g6 12.Nc3 Ne7 13.O-O-O Be6 14.f4 f5 
15.e5 dxe5 16.fxe5 Kf7 17.Na4 Rad8 18.b3 Rxd1+ 19.Kxd1 Rd8+ 20.Ke2 Ng8 21.
Bg2 Nh6 22.Nc5 Ke7 23.Nb7 Rh8 24.Na5 Bd7 25.Bxc6 Ng4 26.Bxd7 Kxd7 27.Rd1+ 
Ke6 28.Nc6 Nxh2 29.Rd5 Ng4 30.Nd4+ Ke7 31.Nc6+ Ke6 32.Nd4+ Ke7 33.Rc5 Rc8 
34.a4 c6 35.b4 Kd7 36.b5 h5 37.bxc6+ Kc7 38.Ne6+ Kb8 39.c7+ Ka8 40.Rd5 Kb7
41.a5 h4 42.a6+ 1-0

[Event "12th Asia-ch (women)"]
[Site "Tehran IRI"]
[Date "2007.09.06"]
[Round "4"]
[White "Nguyen Thi Thanh An"]
[Black "Huang Qian"]
[Result "1/2-1/2"]
[WhiteElo "2296"]
[BlackElo "2410"]
[EventDate "2007.09.03"]
[PlyCount "24"]

1.d4 Nf6 2.c4 g6 3.Nc3 Bg7 4.e4 d6 5.Be2 O-O 6.Bg5 c5 7.d5 h6 8.Be3 e6 9.
Qd2 exd5 10.exd5 Kh7 11.Nf3 Bf5 12.O-O Ne4 1/2-1/2

[Event "12th Asia-ch (women)"]
[Site "Tehran IRI"]
[Date "2007.09.06"]
[Round "4"]
[White "Pourkashiyan, Atousa"]
[Black "Hoang Thi Bao Tram"]
[Result "1-0"]
[WhiteElo "2322"]
[BlackElo "2306"]
[EventDate "2007.09.03"]
[PlyCount "157"]

1.e4 e5 2.Bc4 Nc6 3.d3 Nf6 4.Nc3 Bc5 5.f4 d6 6.Nf3 a6 7.f5 h6 8.Qe2 Nd4 9.
Nxd4 Bxd4 10.Be3 c6 11.O-O O-O 12.Bb3 b5 13.Rae1 Bb7 14.Nd1 c5 15.c3 Bxe3+
16.Nxe3 a5 17.a3 Rb8 18.Ng4 Bc6 19.Nxf6+ Qxf6 20.Rf2 Rb7 21.g4 Rfb8 22.Rg2
c4 23.Bc2 d5 24.Rg3 dxe4 25.dxe4 Rd7 26.Qe3 Rbd8 27.g5 hxg5 28.Re2 Qh6 29.
Qxg5 Qxg5 30.Rxg5 Rd2 31.Kf2 f6 32.Rg3 Kf7 33.Re3 Rxe2+ 34.Rxe2 Rb8 35.Rd2
Ke7 36.Ke3 b4 37.axb4 axb4 38.Rg2 Kf8 39.cxb4 Rxb4 40.Kd2 Rxb2 41.Kc3 Ra2 
42.Rd2 Ke7 43.Rg2 Ba4 44.Rxg7+ Kf8 45.Rg2 Kf7 46.Rd2 Bxc2 47.Rxc2 Ra3+ 48.
Kxc4 Re3 49.Kd5 Rd3+ 50.Kc5 Re3 51.Rc4 Rh3 52.Kd6 Rd3+ 53.Kc6 Rd4 54.Kc5 
Rd8 55.h4 Rh8 56.Ra4 Rxh4 57.Ra7+ Kg8 58.Kd5 Rg4 59.Ra4 Rh4 60.Ke6 Kg7 61.
Rb4 Rg4 62.Ke7 Rh4 63.Ra4 Rg4 64.Ra1 Rxe4 65.Rg1+ Kh7 66.Rh1+ Kg7 67.Rg1+ 
Kh7 68.Kxf6 Ra4 69.Rg7+ Kh8 70.Re7 Ra8 71.Kg6 Rg8+ 72.Kh6 Rg2 73.Re8+ Rg8 
74.Rxe5 Rf8 75.Kg6 Kg8 76.Re7 Ra8 77.f6 Rb8 78.Rg7+ Kh8 79.Rh7+ 1-0

[Event "12th Asia-ch (women)"]
[Site "Tehran IRI"]
[Date "2007.09.06"]
[Round "4"]
[White "Le Thanh Tu"]
[Black "Le Kieu Thien Kim"]
[Result "1/2-1/2"]
[WhiteElo "2318"]
[BlackElo "2293"]
[EventDate "2007.09.03"]
[PlyCount "52"]

1.d4 Nf6 2.Nf3 e6 3.c4 b6 4.g3 Bb7 5.Bg2 c5 6.Nc3 cxd4 7.Qxd4 Nc6 8.Qf4 
Bb4 9.O-O O-O 10.e4 d6 11.Na4 e5 12.Qe3 Bc5 13.Qe2 Nd4 14.Nxd4 Bxd4 15.Bd2
Rc8 16.Rac1 Ba6 17.b3 Qd7 18.Nc3 Bxc3 19.Rxc3 b5 20.Rfc1 bxc4 21.bxc4 Qe6 
22.Be3 Rc7 23.f3 Rfc8 24.Bf1 h6 25.Qf2 Qd7 26.Qb2 Rc6 1/2-1/2

[Event "12th Asia-ch (women)"]
[Site "Tehran IRI"]
[Date "2007.09.06"]
[Round "4"]
[White "Wang Yu A."]
[Black "Paridar, Shadi"]
[Result "1/2-1/2"]
[WhiteElo "2384"]
[BlackElo "2225"]
[EventDate "2007.09.03"]
[PlyCount "54"]

1.e4 c5 2.Nf3 Nc6 3.d4 cxd4 4.Nxd4 Qc7 5.Nc3 e6 6.f4 a6 7.Nxc6 Qxc6 8.Bd3 
b5 9.Qe2 Bb7 10.Bd2 Be7 11.a3 Rc8 12.O-O Nf6 13.e5 Nd5 14.f5 Qc7 15.Qg4 
Qxe5 16.fxe6 dxe6 17.Rae1 h5 18.Qf3 Qf6 19.Qe4 Qh4 20.Qf3 O-O 21.Be4 Bd6 
22.g3 Qh3 23.Nxd5 Bxd5 24.Bxd5 exd5 25.Qxd5 Bc5+ 26.Kh1 Rcd8 27.Qxc5 Rxd2 
1/2-1/2

[Event "12th Asia-ch (women)"]
[Site "Tehran IRI"]
[Date "2007.09.06"]
[Round "4"]
[White "Salman, Mahini Mona"]
[Black "Gu Xiaobing"]
[Result "0-1"]
[WhiteElo "2106"]
[BlackElo "2351"]
[EventDate "2007.09.03"]
[PlyCount "64"]

1.e4 c5 2.Nf3 d6 3.d4 cxd4 4.Nxd4 Nf6 5.Nc3 a6 6.Bg5 e6 7.f4 Nbd7 8.Qf3 
Qc7 9.O-O-O h6 10.Bxf6 Nxf6 11.g4 b5 12.Bxb5+ axb5 13.Ndxb5 Qb6 14.g5 hxg5
15.fxg5 Nd7 16.g6 f6 17.Qd3 Ne5 18.Nxd6+ Bxd6 19.Qxd6 Qxd6 20.Rxd6 Ke7 21.
Rd2 Bb7 22.h4 Nf3 23.Rd3 Rxh4 24.Rhd1 Ne5 25.Rd4 Rg4 26.b4 Rxg6 27.a4 Rg3 
28.Kb2 Rc8 29.Nb5 Rg2 30.Nc3 g5 31.b5 Rg3 32.Na2 Re3 0-1

[Event "12th Asia-ch (women)"]
[Site "Tehran IRI"]
[Date "2007.09.06"]
[Round "4"]
[White "Pham Bich Ngoc"]
[Black "Wang Xiaohui"]
[Result "0-1"]
[WhiteElo "2103"]
[BlackElo "2190"]
[EventDate "2007.09.03"]
[PlyCount "106"]

1.c4 c5 2.g3 Nc6 3.Bg2 g6 4.Nc3 Bg7 5.e4 e6 6.Nge2 Nge7 7.O-O a6 8.a3 Rb8 
9.Rb1 b5 10.cxb5 axb5 11.b4 cxb4 12.axb4 d5 13.exd5 exd5 14.d4 Be6 15.Be3 
O-O 16.Nf4 Kh8 17.Qd2 Nf5 18.Nfxd5 Ncxd4 19.Bg5 Qc8 20.Rfc1 Qc4 21.g4 Bxd5
22.Bxd5 Qxd5 23.Nxd5 Nf3+ 24.Kg2 Nxd2 25.Bxd2 Nd4 26.g5 Rfd8 27.Nf6 Ne6 
28.Be3 Bf8 29.Rc3 Bd6 30.Bc1 Be5 31.Re3 Bxf6 32.gxf6 h5 33.Bb2 g5 34.Be5 
Rb7 35.h4 Rg8 36.Rg3 Kh7 37.Rh1 g4 38.Rc3 Rd7 39.Re1 Ra8 40.Bg3 Rd5 41.Re5
Rd1 42.Rxh5+ Kg6 43.Rcc5 Nxc5 44.Rxc5 Kxf6 45.Rxb5 Re8 46.Rg5 Re4 47.b5 
Rb1 48.Bc7 Ke6 49.b6 f6 50.Rg7 Kf5 51.h5 Ree1 52.f3 Re2+ 53.Kg3 Rg1+ 0-1

[Event "12th Asia-ch (women)"]
[Site "Tehran IRI"]
[Date "2007.09.06"]
[Round "4"]
[White "Bayat, Shohreh"]
[Black "Amrutha Mokal, Sunil"]
[Result "1/2-1/2"]
[WhiteElo "2066"]
[BlackElo "2166"]
[EventDate "2007.09.03"]
[PlyCount "80"]

1.e4 c5 2.Nf3 e6 3.c3 Nf6 4.e5 Nd5 5.Na3 Be7 6.Nc4 O-O 7.d4 cxd4 8.cxd4 b5
9.Ne3 Bb7 10.Nxd5 Bxd5 11.Bd3 Nc6 12.O-O Qb6 13.Be3 g6 14.Be2 Rac8 15.a3 
Na5 16.Nd2 Nc4 17.Nxc4 bxc4 18.Qc2 Qb7 19.f3 d6 20.Rab1 a5 21.Rfc1 f5 22.
Qc3 f4 23.Bf2 a4 24.Bd1 Qb5 25.Bc2 Ra8 26.exd6 Bxd6 27.Be4 Qb3 28.Qxb3 
axb3 29.Be1 Kg7 30.Bc3 Kf6 31.Kf2 h6 32.Ra1 Ra4 33.Re1 g5 34.Re2 Rf7 35.
Rae1 Re7 36.h3 Raa7 37.Ra1 Ra4 38.Rae1 Raa7 39.Ra1 Ra4 40.Rae1 Raa7 
1/2-1/2

[Event "12th Asia-ch (women)"]
[Site "Tehran IRI"]
[Date "2007.09.06"]
[Round "4"]
[White "Hoang Thi Nhu Y"]
[Black "Mouradian, Knarik"]
[Result "1-0"]
[WhiteElo "2018"]
[BlackElo "2164"]
[EventDate "2007.09.03"]
[PlyCount "49"]

1.d4 d5 2.Nf3 Nf6 3.e3 c6 4.Ne5 Nbd7 5.f4 g6 6.Nd2 Bg7 7.Bd3 O-O 8.O-O Ne8
9.c3 Nxe5 10.fxe5 f6 11.exf6 exf6 12.e4 Be6 13.exd5 Bxd5 14.Bc4 Kh8 15.
Bxd5 Qxd5 16.Qb3 Qd7 17.Ne4 b6 18.Bf4 h6 19.Rac1 f5 20.Nd2 g5 21.Be5 Nf6 
22.Bxf6 Rxf6 23.Nc4 Rf7 24.Qa3 Re8 25.Qd6 1-0

[Event "12th Asia-ch (women)"]
[Site "Tehran IRI"]
[Date "2007.09.06"]
[Round "4"]
[White "Tajik, Sareh"]
[Black "Hakimifard, Ghazal"]
[Result "1/2-1/2"]
[WhiteElo "2000"]
[BlackElo "2018"]
[EventDate "2007.09.03"]
[PlyCount "96"]

1.d4 d5 2.Nf3 Nf6 3.e3 c5 4.c3 Nbd7 5.Bd3 Qc7 6.Nbd2 e6 7.O-O Be7 8.Qe2 
O-O 9.e4 dxe4 10.Nxe4 Rd8 11.Neg5 cxd4 12.Nxf7 Rf8 13.N7g5 Nc5 14.cxd4 
Nxd3 15.Qxd3 h6 16.Ne4 Nd5 17.Ne5 Nf4 18.Bxf4 Rxf4 19.Rac1 Qd8 20.Ng6 Rf5 
21.Nxe7+ Qxe7 22.Qg3 Qb4 23.Qd6 Qxd6 24.Nxd6 Rf8 25.Rc7 b6 26.Rfc1 Ba6 27.
Re7 Rf4 28.Rd1 Rf6 29.Re1 Rd8 30.Rxa7 Rxd6 31.Rxa6 Rf4 32.g3 Rfxd4 33.Re2 
Rc4 34.Ra7 Rcc6 35.Kg2 Kh7 36.a4 Rc4 37.Re3 Rc2 38.b3 Rdd2 39.Rf3 Re2 40.
Rb7 e5 41.Rff7 Kh8 42.Rb8+ Kh7 43.Rxb6 e4 44.a5 e3 45.a6 exf2 46.a7 f1=Q+ 
47.Kxf1 Rxh2 48.Kg1 Rhg2+ 1/2-1/2

[Event "12th Asia-ch (women)"]
[Site "Tehran IRI"]
[Date "2007.09.07"]
[Round "5"]
[White "Huang Qian"]
[Black "Ruan Lufei"]
[Result "1-0"]
[WhiteElo "2410"]
[BlackElo "2433"]
[EventDate "2007.09.03"]
[PlyCount "81"]

1.d4 d5 2.c4 c6 3.Nf3 Nf6 4.Nc3 dxc4 5.a4 Bf5 6.Ne5 Nbd7 7.Nxc4 Nb6 8.Ne5 
a5 9.e3 h6 10.Bd3 Bxd3 11.Nxd3 Nbd5 12.Qb3 Qb6 13.Qxb6 Nxb6 14.e4 e6 15.
Ke2 Bb4 16.f3 Nfd7 17.Bf4 Ke7 18.h4 Nc4 19.Rac1 Bd6 20.Bxd6+ Nxd6 21.h5 f6
22.Nd1 Rhd8 23.Ne3 Nb6 24.b3 Nf7 25.Nc5 Ra7 26.Rhd1 Nd6 27.Nd3 Raa8 28.Nf4
f5 29.e5 Nf7 30.Rd2 Rg8 31.Rg1 Nh8 32.Nc4 Nxc4 33.bxc4 g5 34.Nd3 Rgd8 35.
Rb1 Rab8 36.Ke3 f4+ 37.Ke4 Nf7 38.Rdb2 g4 39.Rxb7+ Rxb7 40.Rxb7+ Ke8 41.
Nxf4 1-0

[Event "12th Asia-ch (women)"]
[Site "Tehran IRI"]
[Date "2007.09.07"]
[Round "5"]
[White "Ju Wenjun"]
[Black "Pourkashiyan, Atousa"]
[Result "1/2-1/2"]
[WhiteElo "2345"]
[BlackElo "2322"]
[EventDate "2007.09.03"]
[PlyCount "113"]

1.d4 Nf6 2.c4 e6 3.Nf3 d5 4.Nc3 Nbd7 5.Bg5 Be7 6.e3 O-O 7.Be2 dxc4 8.Bxc4 
c5 9.O-O a6 10.a4 cxd4 11.exd4 Nb6 12.Bb3 Nbd5 13.Qe2 Nxc3 14.bxc3 Bd7 15.
Ne5 Bc6 16.Nxc6 bxc6 17.a5 Nd5 18.Bd2 c5 19.c4 Nf6 20.dxc5 Qc7 21.Bc2 Qxc5
22.Rfb1 Rab8 23.Bc3 Rfc8 24.Bd3 Qg5 25.Rxb8 Rxb8 26.h3 Bc5 27.Bd2 Qh4 28.
Be3 Nd7 29.Rd1 Qe7 30.Bxh7+ Kxh7 31.Qd3+ f5 32.Qxd7 Qxd7 33.Rxd7 Rb1+ 34.
Kh2 Bxe3 35.fxe3 Ra1 36.Re7 Rxa5 37.Rxe6 Rc5 38.Rxa6 Rxc4 39.Kg3 g6 40.Kf3
Kh6 41.Ra5 Rc1 42.g4 Rf1+ 43.Kg2 Re1 44.Kf2 Rh1 45.gxf5 gxf5 46.Rxf5 Rxh3 
47.Ke2 Kg6 48.Rf4 Rh8 49.Kf3 Ra8 50.Kg4 Ra3 51.Kf3 Ra8 52.Rb4 Kf5 53.Rb5+ 
Ke6 54.Kf4 Ra1 55.Rc5 Rh1 56.Rc6+ Kd5 57.Ra6 1/2-1/2

[Event "12th Asia-ch (women)"]
[Site "Tehran IRI"]
[Date "2007.09.07"]
[Round "5"]
[White "Le Kieu Thien Kim"]
[Black "Nguyen Thi Thanh An"]
[Result "0-1"]
[WhiteElo "2293"]
[BlackElo "2296"]
[EventDate "2007.09.03"]
[PlyCount "40"]

1.d4 e6 2.c4 b6 3.Nc3 Bb7 4.e4 Bb4 5.Bd3 f5 6.f3 fxe4 7.Bxe4 Bxe4 8.fxe4 
Bxc3+ 9.bxc3 Qh4+ 10.Kf1 Qxe4 11.Qf3 Nf6 12.Qxe4 Nxe4 13.Ne2 O-O+ 14.Ke1 
c5 15.d5 Nd6 16.Rf1 Nxc4 17.dxe6 dxe6 18.Rxf8+ Kxf8 19.Nf4 Kf7 20.Ke2 Nd7 
0-1

[Event "12th Asia-ch (women)"]
[Site "Tehran IRI"]
[Date "2007.09.07"]
[Round "5"]
[White "Hoang Thi Bao Tram"]
[Black "Wang Yu A."]
[Result "0-1"]
[WhiteElo "2306"]
[BlackElo "2384"]
[EventDate "2007.09.03"]
[PlyCount "84"]

1.d4 d5 2.c4 c6 3.Nc3 Nf6 4.Nf3 dxc4 5.a4 Bg4 6.Ne5 Bh5 7.f3 e6 8.Nxc4 Bb4
9.e3 O-O 10.Be2 Nbd7 11.O-O Qc7 12.e4 Rad8 13.Bg5 e5 14.Qb3 Be7 15.dxe5 
Nxe5 16.Bf4 Nfd7 17.Rad1 Bf6 18.Kh1 Nc5 19.Qb4 Na6 20.Qb3 Nc5 21.Qc2 Ne6 
22.Bxe5 Bxe5 23.Nxe5 Rxd1 24.Nxd1 Qxe5 25.f4 Nxf4 26.Bxh5 Nxh5 27.Rf5 Qd4 
28.Rxh5 Rd8 29.Nc3 Qe3 30.Qb1 Rd2 31.h3 g6 32.Re5 Qg3 33.Re8+ Kg7 34.Qg1 
Rxb2 35.Qf1 Rf2 36.Qg1 Rc2 37.e5 Qxc3 38.Kh2 Qf3 39.h4 Qf4+ 40.Kh3 Qf5+ 
41.Kh2 Qf4+ 42.Kh3 Rc3+ 0-1

[Event "12th Asia-ch (women)"]
[Site "Tehran IRI"]
[Date "2007.09.07"]
[Round "5"]
[White "Navabi, Shirin"]
[Black "Karavade, Eesha"]
[Result "1/2-1/2"]
[WhiteElo "2121"]
[BlackElo "2367"]
[EventDate "2007.09.03"]
[PlyCount "82"]

1.Nf3 Nf6 2.c4 c5 3.g3 g6 4.Bg2 Bg7 5.d4 cxd4 6.Nxd4 O-O 7.Nc3 Nc6 8.Nc2 
b6 9.O-O Bb7 10.Ne3 Na5 11.Bxb7 Nxb7 12.Rb1 Nc5 13.Ned5 Nxd5 14.cxd5 d6 
15.Be3 Rc8 16.Bd4 e5 17.dxe6 Nxe6 18.Bxg7 Kxg7 19.Qd2 Qd7 20.Rfd1 Rfd8 21.
Nd5 f6 22.Rbc1 Qf7 23.Rxc8 Rxc8 24.Qb4 Qd7 25.Nc3 Rc6 26.Qh4 Ng5 27.Qd4 
Qe6 28.h4 Nf7 29.Kg2 Rc5 30.Rd2 b5 31.b3 Qe5 32.Ne4 Rc6 33.f4 Qxd4 34.Rxd4
Rc2 35.Rd2 Rxd2 36.Nxd2 f5 37.Kf3 Kf6 38.Ke3 Ke6 39.Kd4 Nd8 40.a3 Nc6+ 41.
Kd3 h5 1/2-1/2

[Event "12th Asia-ch (women)"]
[Site "Tehran IRI"]
[Date "2007.09.07"]
[Round "5"]
[White "Gu Xiaobing"]
[Black "Tan Zhongyi"]
[Result "1-0"]
[WhiteElo "2351"]
[BlackElo "2276"]
[EventDate "2007.09.03"]
[PlyCount "69"]

1.e4 c5 2.Nf3 d6 3.d4 cxd4 4.Nxd4 Nf6 5.Nc3 a6 6.Bg5 e6 7.f4 Be7 8.Qf3 Qc7
9.O-O-O Nbd7 10.Bd3 h6 11.Qh3 b5 12.e5 dxe5 13.Nxe6 fxe6 14.Bg6+ Kd8 15.
Bxf6 Bxf6 16.Qxe6 Qc4 17.Nd5 Qxa2 18.Qc6 Ra7 19.Nxf6 Qa1+ 20.Kd2 Qxb2 21.
Ke2 Rc7 22.Qb6 e4 23.Nxd7 Qxc2+ 24.Rd2 Qc4+ 25.Kf2 Qc3 26.Rd6 Qc2+ 27.Kg3 
Bxd7 28.Bf5 Qc3+ 29.Kh4 Ke8 30.Bxd7+ Rxd7 31.Rxd7 Kxd7 32.Rd1+ Kc8 33.Rd6 
g5+ 34.Kh5 Re8 35.Qxa6+ 1-0

[Event "12th Asia-ch (women)"]
[Site "Tehran IRI"]
[Date "2007.09.07"]
[Round "5"]
[White "Zhang Jilin"]
[Black "Zhang Xiaowen"]
[Result "0-1"]
[WhiteElo "2338"]
[BlackElo "2203"]
[EventDate "2007.09.03"]
[PlyCount "56"]

1.e4 e6 2.d4 d5 3.Nc3 Nf6 4.e5 Nfd7 5.f4 c5 6.Nf3 Nc6 7.Be3 a6 8.Qd2 cxd4 
9.Nxd4 Bc5 10.O-O-O O-O 11.Qf2 Qe7 12.Bd3 f6 13.Qh4 g6 14.exf6 Qxf6 15.
Qxf6 Rxf6 16.Nce2 e5 17.fxe5 Ndxe5 18.h3 Bd7 19.c3 Re8 20.Bc2 Nc4 21.Bg1 
Bf8 22.Bb3 N6a5 23.Kc2 Bf5+ 24.Nxf5 Rxe2+ 25.Kd3 Rfe6 26.Ne3 R6xe3+ 27.
Bxe3 Rxe3+ 28.Kd4 Nc6+ 0-1

[Event "12th Asia-ch (women)"]
[Site "Tehran IRI"]
[Date "2007.09.07"]
[Round "5"]
[White "Wang Xiaohui"]
[Black "Swathi, Ghate"]
[Result "0-1"]
[WhiteElo "2190"]
[BlackElo "2317"]
[EventDate "2007.09.03"]
[PlyCount "64"]

1.d4 d5 2.c4 c6 3.Nf3 Nf6 4.Nc3 a6 5.c5 Nbd7 6.Bf4 Nh5 7.Bg5 h6 8.Bd2 Qc7 
9.e4 dxe4 10.Nxe4 Ndf6 11.Nxf6+ Nxf6 12.Bc4 Bf5 13.O-O e6 14.Re1 Be7 15.h3
O-O 16.Qc1 Be4 17.Ne5 Bd5 18.Bd3 Nh7 19.a4 f5 20.Nc4 Bf6 21.Bf4 Qf7 22.Nb6
Rae8 23.Bd6 Be7 24.Be5 Ng5 25.Nxd5 exd5 26.Ra3 Bf6 27.Qf4 Qg6 28.Kh2 Ne6 
29.Qxf5 Qxf5 30.Bxf5 Nxd4 31.Bxd4 Rxe1 32.Be3 Be5+ 0-1

[Event "12th Asia-ch (women)"]
[Site "Tehran IRI"]
[Date "2007.09.07"]
[Round "5"]
[White "Batkhuyag, Munguntuul"]
[Black "Bayat, Shohreh"]
[Result "1/2-1/2"]
[WhiteElo "2405"]
[BlackElo "2066"]
[EventDate "2007.09.03"]
[PlyCount "88"]

1.e4 e6 2.d4 d5 3.Nd2 c5 4.exd5 Qxd5 5.Ngf3 cxd4 6.Bc4 Qd6 7.O-O Nf6 8.Nb3
Nc6 9.Nbxd4 Nxd4 10.Nxd4 a6 11.Re1 Qc7 12.Bb3 Bd6 13.Nf5 Bxh2+ 14.Kh1 O-O 
15.Nxg7 Rd8 16.Qf3 Kxg7 17.Bh6+ Kg6 18.c3 Nh5 19.Bc1 Bf4 20.g4 Ng3+ 21.
fxg3 Bxc1 22.Raxc1 b5 23.Bc2+ Kg7 24.Be4 Rb8 25.Rc2 Bb7 26.Rh2 Bxe4 27.
Qxe4 Qb7 28.Rxh7+ Kg8 29.Rh2 Qxe4+ 30.Rxe4 Rd1+ 31.Kg2 Rd2+ 32.Kg1 Rbd8 
33.Ree2 R2d3 34.Kf2 R8d5 35.Rh5 Kg7 36.Rh4 Rg5 37.a3 Kg6 38.Kg2 Kg7 39.Kh3
Re5 40.Kg2 Rg5 41.Kf2 Kg6 42.Re3 Rd2+ 43.Re2 Rd8 44.Kg2 Kg7 1/2-1/2

[Event "12th Asia-ch (women)"]
[Site "Tehran IRI"]
[Date "2007.09.07"]
[Round "5"]
[White "Amrutha Mokal, Sunil"]
[Black "Salman, Mahini Mona"]
[Result "1-0"]
[WhiteElo "2166"]
[BlackElo "2106"]
[EventDate "2007.09.03"]
[PlyCount "69"]

1.e4 c5 2.Nf3 d6 3.d4 cxd4 4.Nxd4 Nf6 5.Nc3 a6 6.Be2 e5 7.Nb3 Be7 8.Bg5 
Nbd7 9.a4 O-O 10.O-O b6 11.Bc4 Bb7 12.Qe2 Nxe4 13.Nxe4 Bxg5 14.Nxd6 Bc6 
15.Nxf7 Rxf7 16.Bxf7+ Kh8 17.Rfd1 Qc7 18.Bd5 Bxd5 19.Rxd5 Bf6 20.Rad1 Nf8 
21.c3 Qf7 22.Qe4 Re8 23.Nd2 Ne6 24.Nc4 Nc5 25.Qc2 Qc7 26.Nd6 Rf8 27.b4 Ne6
28.Ne4 Bh4 29.Rd7 Qc8 30.Qe2 Qe8 31.Ng3 Nf4 32.Qg4 Bf6 33.Ne4 Rg8 34.Nd6 
Ne2+ 35.Kf1 1-0

[Event "12th Asia-ch (women)"]
[Site "Tehran IRI"]
[Date "2007.09.07"]
[Round "5"]
[White "Hakimifard, Ghazal"]
[Black "Pham Bich Ngoc"]
[Result "1-0"]
[WhiteElo "2018"]
[BlackElo "2103"]
[EventDate "2007.09.03"]
[PlyCount "73"]

1.e4 c5 2.Nf3 Nc6 3.d4 cxd4 4.Nxd4 g6 5.Nc3 Bg7 6.Nxc6 bxc6 7.Bc4 Nf6 8.e5
Ng8 9.Qf3 f5 10.Bf4 e6 11.O-O-O Qc7 12.h4 Nh6 13.h5 Nf7 14.hxg6 hxg6 15.
Qg3 Rxh1 16.Rxh1 Bxe5 17.Rh8+ Ke7 18.Qh4+ g5 19.Bxg5+ Nxg5 20.Qxg5+ Kd6 
21.Qd2+ Ke7 22.Qg5+ Kd6 23.Qd2+ Ke7 24.Rh7+ Ke8 25.Qe2 Bf4+ 26.Kb1 Qe5 27.
Qh5+ Kd8 28.Bxe6 Qe1+ 29.Nd1 Qd2 30.a3 dxe6 31.Ne3 Bxe3 32.fxe3 Bd7 33.
Rh8+ Kc7 34.Rxa8 Qxe3 35.Qh8 Kd6 36.Qb8+ Ke7 37.Qf8# 1-0

[Event "12th Asia-ch (women)"]
[Site "Tehran IRI"]
[Date "2007.09.07"]
[Round "5"]
[White "Mouradian, Knarik"]
[Black "Tajik, Sareh"]
[Result "0-1"]
[WhiteElo "2164"]
[BlackElo "2000"]
[EventDate "2007.09.03"]
[PlyCount "96"]

1.e4 e5 2.Bc4 Nf6 3.d3 Nc6 4.Nf3 Bc5 5.c3 a6 6.Bb3 Ba7 7.O-O d6 8.Nbd2 O-O
9.h3 h6 10.Re1 Re8 11.Nf1 Be6 12.Ng3 Qd7 13.Be3 d5 14.Bxa7 Rxa7 15.Qe2 
Raa8 16.Rad1 d4 17.Nh4 b5 18.Rf1 Na5 19.Bxe6 fxe6 20.cxd4 exd4 21.e5 Nd5 
22.Qg4 c5 23.Ne4 Nb7 24.Rc1 Rac8 25.g3 Qf7 26.Qe2 Rf8 27.a3 g5 28.Qg4 Kh7 
29.Ng2 Qf5 30.Qh5 c4 31.g4 Qg6 32.Qxg6+ Kxg6 33.dxc4 bxc4 34.Rfd1 d3 35.
Nc3 Na5 36.Nxd5 exd5 37.Ne3 Nb3 38.Rb1 d4 39.Nf5 Rxf5 40.gxf5+ Kxf5 41.Kf1
d2 42.Ke2 c3 43.bxc3 Rxc3 44.h4 gxh4 45.e6 Kxe6 46.Rh1 h3 47.Rbd1 Kf5 48.
a4 Kf4 0-1